000
00204 a2200097 4500
001
4873
100
_a
Carter,C.F
245
_a
Will the atom unit the world
260
_a
_b
Bodley
_c
090
_c
4064
_d
4064
942
_a
NUST-CAE
_c
M
_c
30339
999
_c
239946
_d
239946